000 00745nam a2200205Ii 4500
003 JO-AjNU
008 230605s9999||||xx |||||||||||||| ||und||
040 _aJO-AjNU
_bara
_erda
_cJO-AjNU
041 _aara
050 1 4 _aKBP878.M86.A37.2006
100 3 _a أبو هربيد ، عاطف محمد حسين ,
_eauthor
_921364
245 0 0 _aعقود المناقصات في الفقة الاسلامي
250 _aط1
264 3 1 _aعمان : دار النفائس ، 2006
300 _a248ص
_bيشتمل على قائمة المراجع الببلوغرافية ص ( 231 - 242 )
336 _atext
_btxt
_2rdacontent
337 _aunmediated
_bn
_2rdamedia
338 _avolume
_bnc
_2rdacarrier
650 4 _aعقود ( إسلام )
_921365
999 _aA7408
_c10976
_d10976